• 首页
  • 本馆介绍
  • 公告通知
  • 最新文献
  • 馆藏检索
  • 电子资源
  • 读者导购
  • 参考咨询
  • 我的图书馆
  • 登录
  • 详细信息显示
  • 放入我的书架
  • 预约/预借图书
  • 作者相关作品
  • 分类相关作品
  • 丛书相关作品
  • 出版社相关作品

书目信息

  • 表格格式
  • 工作单格式
  • 卡片格式
题名:
21天成为计算高手
    
 
作者: 周建新 主编
分册:   周爷爷特快计算法. 初级
出版信息: 北京   电子工业出版社  2021.3
页数: 168页
开本: 28cm
丛书名: 数学能力拓展系列丛书
单 册:
中图分类: G613.4 , G624.563
科图分类:
主题词: 算术课--学前教育--教学参考资料 , 算术课--小学--教学参考资料
电子资源:
ISBN: 978-7-121-40707-9
000 01326nam2 2200289 45
001 012001002595
005 20140823140415.0
010    @a978-7-121-40707-9@dCNY80.00
100    @a20210325d2021 em y0chiy0110 ea
101 0  @achi
102    @aCN@b110000
105    @ay z 000yy
106    @ar
200 1  @a21天成为计算高手@A2 1 tian cheng wei ji suan gao shou@i周爷爷特快计算法. 初级@f周建新主编
210    @a北京@c电子工业出版社@d2021.3
215    @a168页@d28cm
225 2  @a数学能力拓展系列丛书
330    @a21天成为计算高手是周爷爷特快计算法的一种新的呈现方式,是周建新老师的又一扛鼎之作。“21天成为计算高手”丛书有3个品种:《21天成为计算高手——周爷爷特快计算法(初级)》《21天成为计算高手——周爷爷特快计算法(中级)》《21天成为计算高手——周爷爷特快计算法(高级)》。周爷爷特快计算法初级版对应于学前大班及小学一年级的学生,针对性强。方法不仅实用有效,而且简单易懂,可以短时间内提高孩子们的计算能力。本方法不仅从感官上让孩子们明白计算的原理,还能提高孩子们对于计算的热爱。
410  0 @12001 @a数学能力拓展系列丛书
461  0 @12001 @a数学能力拓展系列丛书
606 0  @a算术课@x学前教育@j教学参考资料
606 0  @a算术课@x小学@j教学参考资料
690    @aG613.4@v5
690    @aG624.563@v5
701  0 @a周建新@Azhou jian xin@4主编
801    @aCN@bAHXH@c20210922
905    @b1282124-8@dG613.4@e2171@f5
    
    21天成为计算高手.周爷爷特快计算法. 初级/周建新主编.-北京:电子工业出版社,2021.3
    168页;28cm.-(数学能力拓展系列丛书)
    
    
    ISBN 978-7-121-40707-9:CNY80.00
    21天成为计算高手是周爷爷特快计算法的一种新的呈现方式,是周建新老师的又一扛鼎之作。“21天成为计算高手”丛书有3个品种:《21天成为计算高手——周爷爷特快计算法(初级)》《21天成为计算高手——周爷爷特快计算法(中级)》《21天成为计算高手——周爷爷特快计算法(高级)》。周爷爷特快计算法初级版对应于学前大班及小学一年级的学生,针对性强。方法不仅实用有效,而且简单易懂,可以短时间内提高孩子们的计算能力。本方法不仅从感官上让孩子们明白计算的原理,还能提高孩子们对于计算的热爱。
●
相关链接 在E读中查询图书 在五车中查询图书 在当当中查询图书 在豆瓣中查询图书


正题名:21天成为计算高手     索取号:G613.4/2171         预约/预借

序号 登录号 条形码 馆藏地/架位号 状态 备注
1 1282124   212821240   第一样本阅览室/ [索取号:G613.4/2171] 在馆    
2 1282125   212821259   教育系资料室/ [索取号:G613.4/2171] 在馆    
3 1282126   212821268   教育系资料室/ [索取号:G613.4/2171] 在馆    
4 1282127   212821277   第四借阅区/ [索取号:G613.4/2171] 在馆    
5 1282128   212821286   第四借阅区/ [索取号:G613.4/2171] 在馆    
唐山师范学院图书馆 欢迎您!
大连网信软件有限公司© 版权所有